000
00257nam a2200097Ia 4500
001
948842
005
20250826215527.0
008
250824s9999 xx 000 0 und d
245
0
_a
FİLOZOFUN DOĞA GÜNLÜĞÜ
_c
FATİH DİKMEN
260
_b
TAZE KİTAP YAYINLARI
999
_c
948842
_d
948842